Geografia województwa małopolskiego na mapie - Statystyki

Ogólne statystyki
  • Ten quiz został rozwiązany 167 razy
  • Średni wynik to 13 z 39
Odpowiedzi na mapie
Odpowiedzi zakodowano w zielono-czerwonej skali na mapie do tego quizu, zgodnie z poniższymi procentami.
 
Statystyki odpowiedzi
Odpowiedź % Poprawnych
Kraków
100%
Zakopane
89%
Tarnów
86%
Wisła
85%
{Tatrzański} Park Narodowy
77%
Powiat {wielicki}
64%
Gorlice
61%
Dunajec
60%
Miechów
57%
Powiat {limanowski}
55%
Powiat {gorlicki}
54%
{Pieniński} Park Narodowy
52%
Powiat {olkuski}
50%
{Babiogórski} Park Narodowy
44%
Jezioro {Czorsztyńskie}
40%
Trzy Korony
38%
Poprad
32%
Kalwaria Zebrzydowska
30%
Trzebinia
29%
Krzeszowice
28%
Jezioro {Dobczyckie}
26%
Kęty
26%
Jezioro {Różnowskie}
25%
Grybów
24%
Jezioro {Mucharskie}
19%
Koszyce
19%
Wisłoka
18%
Beskid Makowski
11%
Lipnica Wielka
6%
Racławice
6%
Jezioro {Klimkowskie}
5%
Starorobociański Wierch
5%
Leskowiec
4%
Lisia Góra
4%
Żar
4%
Sękowa
3%
Wieprz
2%
Ćwilin
1%
{Dłubniański} Park Krajobrazowy
1%
Nie znaleziono quizów pasujących do podanych kryteriów
Rozkład punktacji
Procent ludzi z każdym wynikiem
Percentyl według liczby udzielonych odpowiedzi
Twoja historia wyników
Nie rozwiązałeś tego quizu